000
00270nam a22000977a 4500
008
230623b xxu||||| |||| 00| 0 eng d
082
_a
328.773
_b
ILL
245
_a
88th General Assembly 1993
_b
Rules of the Illinois House of Representatives
300
_a
76p
942
_2
ddc
_c
BK
999
_c
2376
_d
2376